000
00273nam a2200109Ia 4500
008
200302s9999 xx 000 0 und d
100
_a
Simon Schama
245
_a
Landscape and Memory
260
_b
An Imprint of Harper Collins Publishers
260
_c
1995
300
_a
652 P.,
999
_c
5691
_d
5691